| 000 | 00536nam a2200169Ia 4500 | ||
|---|---|---|---|
| 003 | SGT | ||
| 020 | _a9788120322110 | ||
| 082 |
_a697.93 _bPIT |
||
| 100 | _aPita,Edward G | ||
| 245 | _aAir conditioning principles and systems | ||
| 250 | _a4th Ed. | ||
| 260 |
_bPHI Learning Private Limited _aNew Delhi _c2007 |
||
| 300 | _a524p. | ||
| 650 | _aMECHANICAL ENGINEERING | ||
| 653 | _aTHE SCOPE AND USES OF AIR CONDITIONING, PHYSICAL PRINCIPLES HEATING LOADS FURNACES AND BOILERS COOLING LOAD COOLING LOAD CALCULATIONS | ||
| 942 |
_2ddc _cBK |
||
| 999 |
_c5028 _d5028 |
||